000 00370 a2200133 4500
001 88190
082 _aPR 428
090 _c41603
_d41603
100 _aSaqib Nauman
245 _aAnalysis and study of stress distribution in gun supporting rib on Cosmos/M
260 _aRisalpur
_bNUST Risalpur
_c1999
300 _a50p.
_eAbdul Munem Khan
500 _aBE Project Reports
942 _aCAE NUST
_kPR 428
999 _c323263
_d323263